000 00547nam a2200169Ia 4500
008 090711s9999 xx 000 0 und d
082 _b68926
100 _aअनामिका
245 _aजगदविख्यात िGतासीन किलर
260 _c1992
300 _a60
600 _aअनामिका
630 _aजगदविख्यात िGतासीन किलर
700 _aअनामिका
730 _aजगदविख्यात िGतासीन किलर
942 _cBOOK
999 _c317763
_d317763